Anthropology and the dance : ten lectures /

Bibliographic Details
Main Author: Williams, Drid, 1928-
Format: Book
Language:English
Published: Urbana : University of Illinois Press, [2004]
Edition:2nd ed.
Subjects:

MARC

Tag First Indicator Second Indicator Subfields
LEADER 00000cam a2200000 a 4500
001 in00002000950
005 20151031125345.0
008 021219s2004 ilua b 001 0 eng
010 |a  2002155965 
020 |a 0252028554 (cloth : alk. paper) 
020 |a 0252071344 (pbk. : alk. paper) 
035 |a (OCoLC)ocm51274378 
040 |a DLC  |c DLC  |d UtOrBLW 
049 |a TXAM 
050 0 0 |a GV1588.6  |b .W55 2004 
082 0 0 |a 306.4/84  |2 21 
100 1 |a Williams, Drid,  |d 1928- 
245 1 0 |a Anthropology and the dance :  |b ten lectures /  |c Drid Williams ; foreword by Brenda Farnell. 
250 |a 2nd ed. 
264 1 |a Urbana :  |b University of Illinois Press,  |c [2004] 
264 4 |c ©2004 
300 |a xx, 303 pages :  |b illustrations ;  |c 24 cm. 
336 |a text  |b txt  |2 rdacontent 
337 |a unmediated  |b n  |2 rdamedia 
338 |a volume  |b nc  |2 rdacarrier 
500 |a Revised edition of: Ten lectures on theories of the dance, c1991. 
504 |a Includes bibliographical references (pages [273]-290) and indexes. 
505 0 |a Introductory -- Why do people dance? -- Emotional, psychologistic, and biological explanations -- Intellectualistic and literary explanations -- Religious and quasi-religious explanations -- Functional explanations -- Bibliographic controls -- Body language(s) -- Modern theories of human action -- Human behavior. 
650 0 |a Dance  |x Anthropological aspects. 
650 0 |a Dance. 
700 1 |a Williams, Drid,  |d 1928-  |t Ten lectures on theories of the dance. 
945 |i PromptCat 
948 |a cataloged  |b h  |c 2004/11/5  |d c  |e dmitchel  |f 11:00:00 am 
994 |a 92  |b TXA 
999 |a MARS 
999 f f |s d0755e68-341a-3774-8f08-e162867c8ed4  |i f74aa5d9-1a59-3478-b958-29014e916e0e  |t 0 
952 f f |p ric  |a Texas A&M University  |b Rellis Campus  |c Joint Library Facility  |d Remote Storage  |t 0  |e GV1588.6 .W55 2004  |h Library of Congress classification  |i unmediated -- volume  |m A14831585145 
998 f f |a GV1588.6 .W55 2004  |t 0  |l Remote Storage